[Event "Sligo Chess and Culture Festival Championship 2026"]
[Site "Enniscrone IRL"]
[Date "2026.02.01"]
[Round "5.3"]
[White "Marshall, Roy"]
[Black "O'Flaherty, Paul"]
[Result "0-1"]
[WhiteElo "1733"]
[BlackElo "1707"]
[WhiteICU "1763"]
[BlackICU "1555"]
[WhiteClub "Ennis"]
[BlackClub "Galway"]
[WhiteNationality "IRL"]
[BlackNationality "IRL"]
[WhiteFideId "2519178"]
[BlackFideId "2502291"]
[PlyCount "198"]
[ChessResultsKey "1241835"]
[EventSection "3/5"]
[Venue "Diamond Coast Hotel"]
[EventDate "2026.01.30"]

{ Event information: <a
href="https://www.irlchess.com/sligo-cship2026_allfiles/pairings_sligo-cship2026.html">Tournament
report</a>. }

1. c4 e5 2. g3 Nf6 3. Bg2 Nc6 4. Nc3 Bb4 5. Nd5 Bc5 6. e3 d6 7. Ne2 O-O 8.
d4 Bb6 9. O-O Nxd5 10. cxd5 Ne7 11. b4 Bg4 12. dxe5 dxe5 13. e4 Bd4 14. Rb1
f5 15. Bb2 fxe4 16. Bxd4 exd4 17. Bxe4 Nxd5 18. Qxd4 Be6 19. a3 c6 20. Rbd1
Qf6 21. Qd3 g6 22. Bg2 Rad8 23. Qd4 Qf7 24. Rd2 Nb6 25. Qxd8 Rxd8 26. Rxd8+
Kg7 27. Nf4 Bc4 28. Re1 Nd5 29. Nxd5 cxd5 30. Rde8 Qf6 31. R8e7+ Kh6 32.
Bf1 Bxf1 33. Kxf1 d4 34. Rd7 Qf3 35. Rxd4 Qxa3 36. Rh4+ Kg5 37. Ree4 Qd3+
38. Kg2 h5 39. Rd4 Qc2 40. Rhe4 Kf5 41. Rf4+ Ke5 42. Rc4 Qd1 43. Rc5+ Ke6
44. h3 Qd3 45. Rfc4 a6 46. h4 Kd6 47. Rf4 Ke6 48. Kh2 Qd2 49. Rc7 Qd5 50.
Rg7 Qd3 51. Rxb7 Ke5 52. Rb6 Kd5 53. Rff6 Qe2 54. Rxa6 g5 55. Ra5+ Kc4 56.
Rxg5 Kxb4 57. Rff5 Kc4 58. Rxh5 Kd4 59. Rd5+ Kc4 60. Rhf5 Kc3 61. Rf4 Qe6
62. Rdf5 Kd3 63. Rf3+ Kd2 64. R5f4 Qd5 65. Rf5 Qc6 66. h5 Ke2 67. Re3+ Kf1
68. Kh3 Qd7 69. Rf3 Qe6 70. Kg4 Kg2 71. Rf4 Qg8+ 72. Kh4 Qd8+ 73. Rf6 Qd7
74. h6 Kh2 75. Kg5 Qd5+ 76. R4f5 Qg8+ 77. Kh5 Kh3 78. Rf4 Qe8+ 79. Rf7 Qe6
80. h7 Qe5+ 81. Kg6 Qe6+ 82. Kg7 Qe5+ 83. R4f6 Qg5+ 84. Kf8 Qc5+ 85. Kg8
Qg5+ 86. Rg7 Qd5+ 87. Rff7 Qd8+ 88. Rf8 Qd5+ 89. Kh8 Qd6 90. Rff7 Qd8+ 91.
Rg8 Qd4+ 92. Rfg7 Qxf2 93. g4 Kh4 94. g5 Qd4 95. g6 Kh5 96. Rf8 Kh6 97. Rf7
Qd8+ 98. Rg8 Qd4+ 99. Rfg7 Qe5 0-1

[Event "Sligo Chess and Culture Festival Championship 2026"]
[Site "Enniscrone IRL"]
[Date "2026.02.01"]
[Round "5.4"]
[White "O'Hanlon, Joe"]
[Black "Aashay, R. Kher"]
[Result "1/2-1/2"]
[WhiteElo "1692"]
[BlackElo "1717"]
[WhiteICU "1732"]
[WhiteClub "Dundalk"]
[WhiteNationality "IRL"]
[BlackNationality "IND"]
[WhiteFideId "2512157"]
[BlackFideId "25933337"]
[PlyCount "92"]
[ChessResultsKey "1241835"]
[EventSection "3/5"]
[Venue "Diamond Coast Hotel"]
[EventDate "2026.01.30"]

{ Event information: <a
href="https://www.irlchess.com/sligo-cship2026_allfiles/pairings_sligo-cship2026.html">Tournament
report</a>. }

1. d4 Nf6 2. Bf4 c5 3. e3 cxd4 4. exd4 d6 5. c3 g6 6. Nf3 Bg7 7. Be2 O-O 8.
h3 Re8 9. O-O Nbd7 10. Bh2 Qb6 11. Qb3 Qxb3 12. axb3 b6 13. Nbd2 e5 14.
dxe5 dxe5 15. Nc4 Ne4 16. Rfd1 f6 17. Nd6 Nxd6 18. Rxd6 Bf8 19. Rd2 Nc5 20.
Bc4+ Be6 21. Bxe6+ Rxe6 22. Rad1 Nxb3 23. Rd5 a5 24. Nd2 Nxd2 25. R1xd2 Bc5
26. Kf1 a4 27. Bg1 a3 28. Rd8+ Rxd8 29. Rxd8+ Kf7 30. bxa3 Bxa3 31. f3 Rc6
32. Rd3 Ke6 33. Ke2 Bc5 34. Bxc5 Rxc5 35. Re3 f5 36. Kd2 b5 37. Re1 Kd5 38.
Ra1 h5 39. Ra8 Rc6 40. Rb8 Rd6 41. Kc2 Kc5 42. Re8 Kd5 43. Rb8 Kc6 44. Re8
e4 45. fxe4 fxe4 46. Rxe4 Kd5 1/2-1/2

[Event "Sligo Chess and Culture Festival Championship 2026"]
[Site "Enniscrone IRL"]
[Date "2026.02.01"]
[Round "5.5"]
[White "O'Connell, Denis"]
[Black "Biswal, Saiansh"]
[Result "0-1"]
[WhiteElo "1715"]
[BlackElo "1698"]
[WhiteICU "1796"]
[WhiteClub "Cork"]
[WhiteNationality "IRL"]
[BlackNationality "IRL"]
[WhiteFideId "2505860"]
[BlackFideId "2518155"]
[PlyCount "72"]
[ChessResultsKey "1241835"]
[EventSection "3/5"]
[Venue "Diamond Coast Hotel"]
[EventDate "2026.01.30"]

{ Event information: <a
href="https://www.irlchess.com/sligo-cship2026_allfiles/pairings_sligo-cship2026.html">Tournament
report</a>. }

1. d4 d5 2. Nc3 c5 3. Bf4 Nc6 4. e3 a6 5. Nf3 Nf6 6. Ne5 Bf5 7. Bd3 Bxd3 8.
Qxd3 c4 9. Qe2 e6 10. O-O Bd6 11. Nxc6 bxc6 12. Bxd6 Qxd6 13. e4 Qb4 14.
Rab1 O-O 15. e5 Nd7 16. a3 Qe7 17. f4 c5 18. Qe3 Rab8 19. Na4 Rfc8 20. f5
cxd4 21. Qxd4 exf5 22. Rxf5 Nc5 23. Nxc5 Qxc5 24. Qxc5 Rxc5 25. Rbf1 Rc7
26. Rd1 Rd7 27. Re1 g6 28. Rf6 Rxb2 29. e6 fxe6 30. Rfxe6 Rxc2 31. Rxa6 d4
32. Rc6 d3 33. Rd1 c3 34. a4 d2 35. Kf2 Rc1 36. Ke2 Re7+ 0-1

[Event "Sligo Chess and Culture Festival Championship 2026"]
[Site "Enniscrone IRL"]
[Date "2026.02.01"]
[Round "5.6"]
[White "Foran, Barry"]
[Black "Armstrong, Fred"]
[Result "0-1"]
[WhiteElo "1711"]
[BlackElo "1740"]
[WhiteICU "1708"]
[BlackICU "1733"]
[WhiteClub "Cork"]
[BlackClub "Elm Mount"]
[WhiteNationality "IRL"]
[BlackNationality "IRL"]
[WhiteFideId "2508230"]
[BlackFideId "2502089"]
[PlyCount "82"]
[ChessResultsKey "1241835"]
[EventSection "3/5"]
[Venue "Diamond Coast Hotel"]
[EventDate "2026.01.30"]

{ Event information: <a
href="https://www.irlchess.com/sligo-cship2026_allfiles/pairings_sligo-cship2026.html">Tournament
report</a>. }

1. d4 e6 2. Nf3 f5 3. c4 Nf6 4. Nc3 Be7 5. e3 b6 6. Bd3 Bb7 7. Qe2 Bb4 8.
Bd2 Bxc3 9. Bxc3 a5 10. h3 Ne4 11. O-O-O Nxc3 12. bxc3 Qe7 13. Kb2 g6 14.
g4 fxg4 15. hxg4 Qf6 16. Rh3 Rf8 17. e4 Na6 18. Qe3 O-O-O 19. Rd2 d6 20.
Nh2 Rd7 21. f3 Qf4 22. Re2 e5 23. g5 exd4 24. cxd4 Nb4 25. Bb1 Ba6 26. Qxf4
Rxf4 27. Kb3 d5 28. Kc3 Bxc4 29. Re3 Nxa2+ 30. Kb2 Nb4 31. Ng4 Nc6 32. Nf6
Re7 33. Kc3 b5 34. Nxh7 b4+ 35. Kd2 Nxd4 36. e5 Nf5 37. Re1 a4 38. Nf8 Nh4
39. Bxg6 Nxf3+ 40. Ke3 Rxf8 41. Bf5+ Rxf5 0-1

[Event "Sligo Chess and Culture Festival Championship 2026"]
[Site "Enniscrone IRL"]
[Date "2026.02.01"]
[Round "5.7"]
[White "Crowe, John"]
[Black "Moore, Samuel"]
[Result "1/2-1/2"]
[WhiteElo "1670"]
[BlackElo "1695"]
[WhiteICU "1686"]
[BlackICU "1806"]
[WhiteClub "Lucan"]
[BlackClub "N.I.C.S."]
[WhiteNationality "IRL"]
[BlackNationality "IRL"]
[WhiteFideId "2529513"]
[BlackFideId "2507110"]
[PlyCount "59"]
[ChessResultsKey "1241835"]
[EventSection "3/5"]
[Venue "Diamond Coast Hotel"]
[EventDate "2026.01.30"]

{ Event information: <a
href="https://www.irlchess.com/sligo-cship2026_allfiles/pairings_sligo-cship2026.html">Tournament
report</a>. }

1. d4 Nf6 2. c4 e6 3. Nc3 Bb4 4. Nf3 d5 5. Bg5 Nbd7 6. e3 O-O 7. Bd3 h6 8.
Bf4 c5 9. Qc2 cxd4 10. exd4 dxc4 11. Bxc4 Nb6 12. Bb3 Nbd5 13. Be5 Qa5 14.
Rc1 Bd7 15. O-O Rfc8 16. Bxf6 Nxf6 17. Qd2 Ne4 18. Qf4 Nxc3 19. bxc3 Rxc3
20. Ne5 Be8 21. Qe4 Bc6 22. Nxc6 Rxc6 23. Rxc6 bxc6 24. Qxc6 Rd8 25. Rd1
Qb6 26. Qe4 Bf8 27. d5 exd5 28. Rxd5 Rxd5 29. Qxd5 Qd8 30. Qd1 1/2-1/2

[Event "Sligo Chess and Culture Festival Championship 2026"]
[Site "Enniscrone IRL"]
[Date "2026.02.01"]
[Round "5.8"]
[White "Wieczorek, Jarek"]
[Black "McClatchey, Rob"]
[Result "1-0"]
[WhiteElo "1744"]
[BlackElo "1731"]
[WhiteICU "1755"]
[WhiteClub "Galway"]
[WhiteNationality "IRL"]
[BlackNationality "ENG"]
[WhiteFideId "2528223"]
[BlackFideId "479217"]
[PlyCount "99"]
[ChessResultsKey "1241835"]
[EventSection "3/5"]
[Venue "Diamond Coast Hotel"]
[EventDate "2026.01.30"]

{ Event information: <a
href="https://www.irlchess.com/sligo-cship2026_allfiles/pairings_sligo-cship2026.html">Tournament
report</a>. }

1. Nf3 d6 2. b3 e5 3. d3 f5 4. Bb2 Nf6 5. Nbd2 Nc6 6. g3 Be7 7. Bg2 O-O 8.
e3 Qe8 9. a3 Qh5 10. Qe2 a5 11. O-O-O Bd7 12. e4 a4 13. b4 d5 14. Rhe1 fxe4
15. dxe4 Bd6 16. exd5 Nxb4 17. Nxe5 Qxe2 18. Rxe2 Na6 19. Nxd7 Nxd7 20. Ne4
Be5 21. f4 Bxb2+ 22. Kxb2 Nac5 23. Ng5 Rae8 24. Rde1 Nf6 25. Ne6 Nxe6 26.
Rxe6 Rd8 27. c4 Ne8 28. Kc3 Nd6 29. Kb4 b6 30. Bh3 Rf7 31. Re7 Kf8 32.
Rxf7+ Kxf7 33. Be6+ Kf6 34. g4 g5 35. Rf1 gxf4 36. Rxf4+ Kg5 37. Rf3 h5 38.
h3 hxg4 39. hxg4 Rh8 40. c5 bxc5+ 41. Kxc5 Rh2 42. Kc6 Rc2+ 43. Kd7 Nb5 44.
Rf5+ Kg6 45. Rf4 Nxa3 46. Rxa4 Nc4 47. Bf5+ Kg5 48. Bxc2 Nb6+ 49. Kxc7 Nxa4
50. Bxa4 1-0

[Event "Sligo Chess and Culture Festival Championship 2026"]
[Site "Enniscrone IRL"]
[Date "2026.02.01"]
[Round "5.10"]
[White "Ranade, Akshay"]
[Black "Chan, Karina"]
[Result "1-0"]
[WhiteElo "1716"]
[BlackElo "1642"]
[WhiteICU "1800"]
[BlackICU "1611"]
[WhiteClub "Cork"]
[WhiteNationality "IRL"]
[BlackNationality "ENG"]
[WhiteFideId "2515270"]
[BlackFideId "426903"]
[PlyCount "51"]
[ChessResultsKey "1241835"]
[EventSection "3/5"]
[Venue "Diamond Coast Hotel"]
[EventDate "2026.01.30"]

{ Event information: <a
href="https://www.irlchess.com/sligo-cship2026_allfiles/pairings_sligo-cship2026.html">Tournament
report</a>. }

1. c4 e5 2. g3 g6 3. Bg2 Bg7 4. Nc3 Ne7 5. Nf3 Nbc6 6. d3 d6 7. Qd2 Bd7 8.
b3 a6 9. Bb2 Rb8 10. O-O O-O 11. e3 Qc8 12. Rfe1 Nf5 13. d4 exd4 14. exd4
Nfxd4 15. Nxd4 Re8 16. Nxc6 bxc6 17. Rxe8+ Qxe8 18. Re1 Qf8 19. Ne4 Re8 20.
Nf6+ Bxf6 21. Rxe8 Bxe8 22. Bxf6 Bd7 23. Qe3 c5 24. Qe7 Qxe7 25. Bxe7 Kg7
26. Bd8 1-0

[Event "Sligo Chess and Culture Festival Championship 2026"]
[Site "Enniscrone IRL"]
[Date "2026.02.01"]
[Round "5.11"]
[White "Bun, Oleh"]
[Black "Foenander, Phillip"]
[Result "1-0"]
[WhiteElo "1655"]
[BlackElo "1690"]
[BlackICU "1692"]
[BlackClub "Limerick"]
[WhiteNationality "UKR"]
[BlackNationality "IRL"]
[WhiteFideId "34161910"]
[BlackFideId "2505444"]
[PlyCount "132"]
[ChessResultsKey "1241835"]
[EventSection "3/5"]
[Venue "Diamond Coast Hotel"]
[EventDate "2026.01.30"]

{ Event information: <a
href="https://www.irlchess.com/sligo-cship2026_allfiles/pairings_sligo-cship2026.html">Tournament
report</a>. }

1. b4 e5 2. Bb2 d6 3. c4 Nf6 4. d3 Be7 5. f4 O-O 6. fxe5 dxe5 7. a3 Ng4 8.
e4 Ne3 9. Qe2 Nxf1 10. Qxf1 f5 11. Nf3 fxe4 12. dxe4 a5 13. b5 c6 14. Nbd2
Bh4+ 15. g3 Bf6 16. Qe2 Bg4 17. O-O Bh3 18. Rfd1 cxb5 19. cxb5 Qb6+ 20. Kh1
Nd7 21. a4 Bg4 22. Nc4 Qe6 23. Nd6 Be7 24. Nf5 Bxf5 25. exf5 Qxf5 26. Nxe5
Nxe5 27. Bxe5 b6 28. Rf1 Qe6 29. Rxf8+ Rxf8 30. Qa2 Qxa2 31. Rxa2 Bc5 32.
Kg2 Re8 33. Bf4 h6 34. h4 Kf7 35. Rd2 Re7 36. Kf3 h5 37. Bg5 Re6 38. Rd7+
Kg6 39. Bc1 Rf6+ 40. Ke4 Re6+ 41. Kd5 Re1 42. Bb2 Rd1+ 43. Kc6 Rxd7 44.
Kxd7 Bf2 45. Be5 Kf5 46. Bxg7 Bxg3 47. Bd4 Bxh4 48. Bxb6 Bg3 49. Bc7 Bxc7
50. Kxc7 h4 51. b6 h3 52. b7 h2 53. b8=Q h1=Q 54. Qf8+ Kg5 55. Qc5+ Kf4 56.
Kb6 Qa8 57. Qxa5 Qb8+ 58. Kc6 Qe8+ 59. Kb7 Qe4+ 60. Ka6 Qa8+ 61. Kb5 Qd5+
62. Kb6 Qd6+ 63. Kb7 Ke4 64. Qe1+ Kf5 65. Qf1+ Ke6 66. Qa6 Kd5 1-0

[Event "Sligo Chess and Culture Festival Championship 2026"]
[Site "Enniscrone IRL"]
[Date "2026.02.01"]
[Round "5.13"]
[White "Grant, Cian"]
[Black "Nolan, Cal"]
[Result "0-1"]
[WhiteElo "1686"]
[BlackElo "1680"]
[WhiteICU "1715"]
[BlackICU "1684"]
[BlackClub "St. Benildus"]
[WhiteNationality "IRL"]
[BlackNationality "IRL"]
[WhiteFideId "2516837"]
[BlackFideId "2512980"]
[PlyCount "54"]
[ChessResultsKey "1241835"]
[EventSection "3/5"]
[Venue "Diamond Coast Hotel"]
[EventDate "2026.01.30"]

{ Event information: <a
href="https://www.irlchess.com/sligo-cship2026_allfiles/pairings_sligo-cship2026.html">Tournament
report</a>. }

1. d4 Nf6 2. c4 d5 3. cxd5 Nxd5 4. e4 Nb6 5. Nc3 g6 6. Be3 Bg7 7. Nf3 Nc6
8. h3 e5 9. d5 Ne7 10. Rc1 a6 11. Bxb6 cxb6 12. Bc4 O-O 13. O-O Qd6 14. Qd2
b5 15. Bb3 b4 16. Na4 Bd7 17. Nc5 Bb5 18. Rfe1 b6 19. Nd3 a5 20. Bc4 Bxc4
21. Rxc4 f5 22. exf5 Rxf5 23. Rce4 Qxd5 24. b3 Rd8 25. Nfxe5 Bxe5 26. Rxe5
Rxe5 27. Rxe5 Qxe5 0-1

[Event "Sligo Chess and Culture Festival Championship 2026"]
[Site "Enniscrone IRL"]
[Date "2026.02.01"]
[Round "5.14"]
[White "Reynolds, Paul"]
[Black "Bermingham, Adam D."]
[Result "0-1"]
[WhiteElo "1744"]
[BlackElo "1653"]
[BlackICU "1661"]
[BlackClub "Knights of Eanna"]
[WhiteNationality "IRL"]
[BlackNationality "IRL"]
[WhiteFideId "2537486"]
[BlackFideId "2527197"]
[PlyCount "48"]
[ChessResultsKey "1241835"]
[EventSection "3/5"]
[Venue "Diamond Coast Hotel"]
[EventDate "2026.01.30"]

{ Event information: <a
href="https://www.irlchess.com/sligo-cship2026_allfiles/pairings_sligo-cship2026.html">Tournament
report</a>. }

1. e4 e5 2. Nf3 Nc6 3. Bc4 Bc5 4. b4 Bxb4 5. c3 Be7 6. d4 Na5 7. Bxf7+ Kf8
8. Nxe5 d6 9. Nc4 c6 10. Bxg8 Kxg8 11. Qd3 Be6 12. d5 Bf7 13. O-O Nxc4 14.
Qxc4 Rc8 15. Qd3 cxd5 16. exd5 Bf6 17. Bb2 Rc5 18. Re1 Rxd5 19. Qf3 Qb6 20.
Re8+ Bxe8 21. Qxd5+ Bf7 22. Qd2 h6 23. Na3 Kh7 24. Nc2 Qxb2 0-1

[Event "Sligo Chess and Culture Festival Championship 2026"]
[Site "Enniscrone IRL"]
[Date "2026.02.01"]
[Round "5.16"]
[White "Fitzsimons, Pat"]
[Black "O'Hara, Austin"]
[Result "1/2-1/2"]
[WhiteElo "1674"]
[BlackElo "1650"]
[WhiteICU "1660"]
[WhiteClub "Elm Mount"]
[WhiteNationality "IRL"]
[BlackNationality "IRL"]
[WhiteFideId "2502526"]
[BlackFideId "2523825"]
[PlyCount "72"]
[ChessResultsKey "1241835"]
[EventSection "3/5"]
[Venue "Diamond Coast Hotel"]
[EventDate "2026.01.30"]

{ Event information: <a
href="https://www.irlchess.com/sligo-cship2026_allfiles/pairings_sligo-cship2026.html">Tournament
report</a>. }

1. d4 d5 2. c4 c6 3. cxd5 cxd5 4. Nc3 Nc6 5. Bf4 a6 6. e3 Nf6 7. a3 Bf5 8.
Nf3 e6 9. Bd3 Bxd3 10. Qxd3 Bd6 11. Bxd6 Qxd6 12. O-O O-O 13. Rfc1 Rfc8 14.
Rc2 Na5 15. Nd2 b5 16. Rac1 Qd7 17. Na2 Rxc2 18. Qxc2 h6 19. Nb4 Ne8 20.
Nd3 Nd6 21. Nc5 Qe7 22. h3 Nac4 23. Nxc4 Nxc4 24. Qc3 a5 25. Qc2 e5 26. Qb3
exd4 27. exd4 Qh4 28. Qxb5 Qxd4 29. Re1 Qxb2 30. Re8+ Rxe8 31. Qxe8+ Kh7
32. Qxf7 Qd4 33. Ne6 Qa1+ 34. Kh2 Qf6 35. Nf8+ Kh8 36. Ng6+ Kh7 1/2-1/2

[Event "Sligo Chess and Culture Festival Championship 2026"]
[Site "Enniscrone IRL"]
[Date "2026.02.01"]
[Round "5.18"]
[White "Palihawadana, Aken Pinitha"]
[Black "Sloan, Cecil"]
[Result "1-0"]
[WhiteElo "1623"]
[BlackElo "1615"]
[WhiteICU "1714"]
[BlackICU "1801"]
[WhiteClub "Raharney"]
[WhiteNationality "IRL"]
[BlackNationality "USA"]
[WhiteFideId "29982847"]
[BlackFideId "2036738"]
[PlyCount "85"]
[ChessResultsKey "1241835"]
[EventSection "3/5"]
[Venue "Diamond Coast Hotel"]
[EventDate "2026.01.30"]

{ Event information: <a
href="https://www.irlchess.com/sligo-cship2026_allfiles/pairings_sligo-cship2026.html">Tournament
report</a>. }

1. e4 c5 2. Nf3 Nc6 3. d4 cxd4 4. Nxd4 e5 5. Nb3 Nf6 6. Nc3 Bb4 7. Bd3 d5
8. exd5 Nxd5 9. Bd2 Nxc3 10. bxc3 Bd6 11. O-O Be6 12. Re1 Qc7 13. h3 O-O-O
14. a4 f5 15. Bb5 e4 16. Bxc6 Qxc6 17. Nd4 Qd7 18. Nxe6 Qxe6 19. Qe2 Qe5
20. g3 Qc5 21. Be3 Qa5 22. Rab1 Kb8 23. Qc4 Rc8 24. Qe6 Qe5 25. Qb3 Qe7 26.
Red1 Rhd8 27. Rd5 Qc7 28. Rb5 Rd7 29. Qd5 Qc6 30. Qxf5 Rf8 31. Qg4 Rff7 32.
Ra5 Qxc3 33. Bxa7+ Kc8 34. Bb6 Kb8 35. Qxe4 Rfe7 36. Qxh7 Rf7 37. Rd1 g6
38. Qxg6 Rg7 39. Qe8+ Qc8 40. Ra8+ Kxa8 41. Qxc8+ Bb8 42. Rxd7 Rxd7 43.
Qxd7 1-0

[Event "Sligo Chess and Culture Festival Championship 2026"]
[Site "Enniscrone IRL"]
[Date "2026.02.01"]
[Round "5.19"]
[White "Duffy, James"]
[Black "Stacey, Derek"]
[Result "1/2-1/2"]
[WhiteElo "1670"]
[BlackElo "1609"]
[WhiteICU "1600"]
[BlackICU "1470"]
[BlackClub "Curragh"]
[WhiteNationality "IRL"]
[BlackNationality "IRL"]
[WhiteFideId "2529009"]
[BlackFideId "2505266"]
[PlyCount "55"]
[ChessResultsKey "1241835"]
[EventSection "3/5"]
[Venue "Diamond Coast Hotel"]
[EventDate "2026.01.30"]

{ Event information: <a
href="https://www.irlchess.com/sligo-cship2026_allfiles/pairings_sligo-cship2026.html">Tournament
report</a>. }

1. d4 Nf6 2. Nf3 g6 3. e3 Bg7 4. c4 d6 5. Be2 O-O 6. O-O Nbd7 7. Nc3 b6 8.
Qc2 Re8 9. b4 c5 10. a3 Bb7 11. Bb2 e5 12. dxe5 Nxe5 13. Nxe5 dxe5 14. Rfd1
Qc7 15. Nd5 Nxd5 16. cxd5 Qd6 17. Qb3 Rad8 18. e4 a6 19. Rac1 Re7 20. Bc3
Red7 21. Rc2 Qf8 22. Rdc1 f5 23. f3 Kh8 24. bxc5 Qxc5+ 25. Kh1 Qe3 26. Bf1
fxe4 27. Re1 Qg5 28. fxe4 1/2-1/2

[Event "Sligo Chess and Culture Festival Championship 2026"]
[Site "Enniscrone IRL"]
[Date "2026.02.01"]
[Round "5.20"]
[White "Venskus, Dominykas"]
[Black "McDonnell, Joe"]
[Result "1/2-1/2"]
[WhiteElo "1721"]
[BlackElo "1601"]
[WhiteICU "1761"]
[BlackICU "1712"]
[WhiteClub "Drogheda"]
[BlackClub "Castlebar"]
[WhiteNationality "IRL"]
[BlackNationality "IRL"]
[WhiteFideId "2536374"]
[BlackFideId "2507277"]
[PlyCount "24"]
[ChessResultsKey "1241835"]
[EventSection "3/5"]
[Venue "Diamond Coast Hotel"]
[EventDate "2026.01.30"]

{ Event information: <a
href="https://www.irlchess.com/sligo-cship2026_allfiles/pairings_sligo-cship2026.html">Tournament
report</a>. }

1. d4 Nf6 2. c4 g6 3. g3 Bg7 4. Bg2 O-O 5. Nf3 d6 6. O-O Nc6 7. Nc3 e5 8.
d5 Nb8 9. e4 a5 10. Nd2 Na6 11. f4 exf4 12. Rxf4 Nh5 1/2-1/2